Người đưa đường tiểu thuyết
Wedi'i Gadw mewn:
| Prif Awdur: | |
|---|---|
| Fformat: | Llyfr |
| Iaith: | Vietnamese |
| Cyhoeddwyd: |
H.
Nxb Hội nhà văn
2002
|
| Pynciau: | |
| Tagiau: |
Ychwanegu Tag
Dim Tagiau, Byddwch y cyntaf i dagio'r cofnod hwn!
|
| Thư viện lưu trữ: | Mạng thư viện Đại học Đà Nẵng |
|---|
| LEADER | 01029nam a2200325 4500 | ||
|---|---|---|---|
| 001 | 000005636 | ||
| 003 | 1782 | ||
| 005 | 20120417090457.0 | ||
| 008 | 110818s2002 viesd | ||
| 020 | |c 38000 | ||
| 041 | 0 | |a vie | |
| 082 | |a 895.9223 |b BU-S | ||
| 100 | 0 | |a Bùi Việt Sĩ | |
| 245 | 0 | |a Người đưa đường |b tiểu thuyết |c Bùi Việt Sĩ | |
| 260 | |a H. |b Nxb Hội nhà văn |c 2002 | ||
| 300 | |a 390 tr. |c 19 cm | ||
| 653 | |a Văn học Việt Nam | ||
| 653 | |a Bùi Việt Sĩ | ||
| 653 | |a tiểu thuyết | ||
| 910 | |a Thu Sương |d 19/8/2011 | ||
| OWN | |a LSP | ||
| AVA | |a UDN50 |b LSP |d 895.9223 BU-S |e available |t Error 5001 Not defined in file expand_doc_bib_avail. |f 3 |g 0 |h N |i 0 |k 1 | ||
| 999 | |a From the UDN01 | ||
| AVA | |a UDN50 |b LSP |d 895.9223 BU-S |e available |t Error 5001 Not defined in file expand_doc_bib_avail. |f 3 |g 0 |h N |i 0 |k 1 | ||
| TYP | |a Monograph | ||
| TYP | |a Printed language | ||
| 980 | |a Mạng thư viện Đại học Đà Nẵng | ||